| 000 | 007800am a2200253 004500 | ||
|---|---|---|---|
| 003 | EG-GiCUC | ||
| 008 | 070526s1982 su g 000 e ara d | ||
| 040 |
_aEG-GiCUC _bara _cEG-GiCUC |
||
| 050 | 4 |
_aPJ7538 _bA7 1982 |
|
| 092 | 0 | 4 |
_a814.9 _bA698a _221 |
| 099 |
_a04 _a814.9 A698a |
||
| 100 | 1 | _aعارف : محمود | |
| 245 | 1 | 0 |
_aاصداء قلم / _cمحمود عارف |
| 250 | _aط1 | ||
| 260 |
_aجدة : المملكة العربية السعودية : _bتهامة : _c1982 |
||
| 300 |
_a106ص ؛ _c24سم |
||
| 440 | 2 |
_aالكتاب العربى السعودى ؛ _v60 |
|
| 600 | 1 | 0 | _aعارف : محمود |
| 650 | 7 |
_aالمقالات العربية _2qrmak |
|
| 902 | _a1 | ||
| 905 |
_aعمر _eمدخل |
||
| 905 |
_aعمر _eمراجع |
||
| 942 |
_2ddc _cBK |
||
| 999 |
_c96664 _d96664 |
||